<?xml version="1.0" encoding="UTF-8"?>
<record
    xmlns:xsi="http://www.w3.org/2001/XMLSchema-instance"
    xsi:schemaLocation="http://www.loc.gov/MARC21/slim http://www.loc.gov/standards/marcxml/schema/MARC21slim.xsd"
    xmlns="http://www.loc.gov/MARC21/slim">

  <leader>01305nam a22002897a 4500</leader>
  <controlfield tag="003">dpl</controlfield>
  <controlfield tag="005">20170124103115.0</controlfield>
  <controlfield tag="008">161130b        xxu||||| |||| 00| 0 eng d</controlfield>
  <datafield tag="010" ind1=" " ind2=" ">
    <subfield code="a">B-197362</subfield>
  </datafield>
  <datafield tag="020" ind1=" " ind2=" ">
    <subfield code="c">550.00</subfield>
    <subfield code="a">8174532102</subfield>
  </datafield>
  <datafield tag="035" ind1=" " ind2=" ">
    <subfield code="a">B-197362</subfield>
  </datafield>
  <datafield tag="037" ind1=" " ind2=" ">
    <subfield code="b">Cen Lib/Ret</subfield>
  </datafield>
  <datafield tag="040" ind1=" " ind2=" ">
    <subfield code="a">DPL</subfield>
    <subfield code="b">HN</subfield>
    <subfield code="c">TIT</subfield>
  </datafield>
  <datafield tag="082" ind1=" " ind2=" ">
    <subfield code="a">418.02</subfield>
    <subfield code="b">&#x938;&#x93F;&#x902;&#x939;&#x932; </subfield>
  </datafield>
  <datafield tag="100" ind1=" " ind2=" ">
    <subfield code="a">&#x938;&#x93F;&#x902;&#x939;&#x932;, &#x938;&#x941;&#x930;&#x947;&#x936; </subfield>
    <subfield code="9">80646</subfield>
  </datafield>
  <datafield tag="245" ind1=" " ind2=" ">
    <subfield code="a">&#x905;&#x928;&#x941;&#x935;&#x93E;&#x926; &#x938;&#x902;&#x935;&#x947;&#x926;&#x928;&#x93E; &#x914;&#x930; &#x938;&#x930;&#x94B;&#x915;&#x93E;&#x930; /</subfield>
    <subfield code="c">&#x938;&#x941;&#x930;&#x947;&#x936; &#x938;&#x93F;&#x902;&#x939;&#x932; </subfield>
  </datafield>
  <datafield tag="246" ind1=" " ind2=" ">
    <subfield code="a">Anuvad samvendana aur sarokar /</subfield>
    <subfield code="b">by Suresh Sinhal</subfield>
  </datafield>
  <datafield tag="260" ind1=" " ind2=" ">
    <subfield code="a">&#x928;&#x92F;&#x940; &#x926;&#x93F;&#x932;&#x94D;&#x932;&#x940; </subfield>
    <subfield code="b">&#x938;&#x902;&#x91C;&#x92F; &#x92A;&#x94D;&#x930;&#x915;&#x93E;&#x936;&#x928; </subfield>
    <subfield code="c">2006</subfield>
  </datafield>
  <datafield tag="270" ind1=" " ind2=" ">
    <subfield code="b">&#x928;&#x92F;&#x940; &#x926;&#x93F;&#x932;&#x94D;&#x932;&#x940;  </subfield>
    <subfield code="a">4278/4 &#x921;&#x940;, 209 &#x91C;&#x947;.&#x90F;&#x92E;.&#x921;&#x940; &#x939;&#x93E;&#x909;&#x938;, &#x905;&#x902;&#x938;&#x93E;&#x930;&#x940; &#x930;&#x94B;&#x921; &#x926;&#x930;&#x93F;&#x92F;&#x93E;&#x917;&#x902;&#x91C; </subfield>
    <subfield code="e">110002</subfield>
  </datafield>
  <datafield tag="300" ind1=" " ind2=" ">
    <subfield code="a">358&#x92A;&#x943;.</subfield>
    <subfield code="c">20&#x938;&#x947;&#x92E;&#x940;(&#x938;&#x91C;&#x93F;&#x932;&#x94D;&#x926; ) </subfield>
  </datafield>
  <datafield tag="500" ind1=" " ind2=" ">
    <subfield code="a">&#x938;&#x928;&#x94D;&#x926;&#x930;&#x94D;&#x92D; &#x938;&#x942;&#x91A;&#x940; &#x936;&#x93E;&#x92E;&#x93F;&#x932; </subfield>
  </datafield>
  <datafield tag="650" ind1=" " ind2=" ">
    <subfield code="a">&#x939;&#x93F;&#x928;&#x94D;&#x926;&#x940;--&#x92D;&#x93E;&#x937;&#x93E; </subfield>
    <subfield code="x"> </subfield>
    <subfield code="z"> </subfield>
    <subfield code="9">80647</subfield>
  </datafield>
  <datafield tag="650" ind1=" " ind2=" ">
    <subfield code="a">&#x939;&#x93F;&#x928;&#x94D;&#x926;&#x940;--&#x92D;&#x93E;&#x937;&#x93E;--&#x905;&#x928;&#x941;&#x935;&#x93E;&#x926; &#x92A;&#x94D;&#x930;&#x915;&#x94D;&#x930;&#x93F;&#x92F;&#x93E; </subfield>
    <subfield code="9">2757</subfield>
  </datafield>
  <datafield tag="650" ind1=" " ind2=" ">
    <subfield code="a">Hindi--language </subfield>
    <subfield code="9">9446</subfield>
  </datafield>
  <datafield tag="650" ind1=" " ind2=" ">
    <subfield code="a">Hindi-- language--Translation Process</subfield>
    <subfield code="9">80648</subfield>
  </datafield>
  <datafield tag="942" ind1=" " ind2=" ">
    <subfield code="2">ddc</subfield>
    <subfield code="c">HN</subfield>
    <subfield code="h">418.02</subfield>
    <subfield code="m">&#x938;&#x93F;&#x902;&#x939;&#x932; </subfield>
  </datafield>
  <datafield tag="999" ind1=" " ind2=" ">
    <subfield code="c">118521</subfield>
    <subfield code="d">118521</subfield>
  </datafield>
  <datafield tag="952" ind1=" " ind2=" ">
    <subfield code="0">0</subfield>
    <subfield code="1">0</subfield>
    <subfield code="4">0</subfield>
    <subfield code="7">0</subfield>
    <subfield code="a">L</subfield>
    <subfield code="b">L</subfield>
    <subfield code="d">2015-09-11</subfield>
    <subfield code="e">Cen Lib/Ref</subfield>
    <subfield code="g">550.00</subfield>
    <subfield code="l">10</subfield>
    <subfield code="m">1</subfield>
    <subfield code="o">418.02 &#x938;&#x93F;&#x902;&#x939;&#x932;</subfield>
    <subfield code="p">B-197362</subfield>
    <subfield code="r">2023-01-05 00:00:00</subfield>
    <subfield code="s">2022-12-23</subfield>
    <subfield code="t">1</subfield>
    <subfield code="v">550.00</subfield>
    <subfield code="w">2015-09-11</subfield>
    <subfield code="y">HN</subfield>
  </datafield>
</record>
